| 000 | 00346cas a2200121 4500 | ||
|---|---|---|---|
| 008 | 090518n eng u | ||
| 035 | _a(Sirsi) a165159 | ||
| 100 | 1 | _a | |
| 245 | _aEducation in Nambia: A Colloection of Essays | ||
| 260 |
_aWindhoek: _bUniversity of Nambia Publishers, _c2005 |
||
| 300 | _avi, 126p. | ||
| 650 | _aEducation-Nambia | ||
| 999 |
_c112709 _d112709 |
||